000
00278nam a22000977a 4500
008
230522b |||||||| |||| 00| 0 eng d
082
_a
333.95
245
_a
Participant Manual: Curriculum 7;
_b
Crisis Intervention for Addiction Professionals
300
_a
145 p.
_c
28 cm
942
_2
ddc
999
_c
9596
_d
9597